书目信息 |
| 题名: |
人身保险
|
|
| 作者: | 张洪涛 , 庄作瑾 主编 | |
| 分册: | ||
| 出版信息: | 北京 中国人民大学出版社 2006 |
|
| 页数: | 333页 | |
| 开本: | 23cm | |
| 丛书名: | ||
| 单 册: | ||
| 中图分类: | F840.62 | |
| 科图分类: | ||
| 主题词: | 人身保险--教材 , 人身保险 | |
| 电子资源: | ||
| ISBN: | 7-300-05455-2 | |
| 000 | 00971nam0 2200277 450 | |
| 000 | 00988nam0 2200277 450 | |
| 000 | 00918nam0 2200253 450 | |
| 000 | 00882oam2 2200241 45 | |
| 005 | 20070725151347.64 | |
| 010 | @a7-300-05455-2@dCNY22.00 | |
| 100 | @a20070626d2006 em y0chiy0120 ea | |
| 101 | 0 | @achi |
| 102 | @aCN@b110000 | |
| 105 | @ay z 000yy | |
| 200 | 1 | @a人身保险@ARen Shen Bao Xian@f张洪涛,庄作瑾主编@FZhang Hong Tao, Zhuang Zuo Jin Zhu Bian |
| 210 | @a北京@c中国人民大学出版社@d2006 | |
| 215 | @a333页@d23cm | |
| 300 | @a教育部、保监会推荐教材经济管理类课程教材保险系列 | |
| 330 | @a本书在借鉴、吸收国内外相关理论、成果基础上结合中国中国人身保险市场最新动向,从理论、实务、经营管理三个层面进行系统讲解。 | |
| 606 | 0 | @a人身保险@j教材 |
| 606 | 0 | @a人身保险 |
| 690 | @aF840.62@v4 | |
| 701 | 0 | @a张洪涛@AZhang Hong Tao@c(保险)@4主编 |
| 701 | 0 | @a庄作瑾@AZhuang Zuo Jin@4主编 |
| 801 | 0 | @aCN@bTAOJIN@c20070725 |
| 905 | @a10447@dF840.62@e40 | |
| 人身保险/张洪涛,庄作瑾主编.-北京:中国人民大学出版社,2006 |
| 333页;23cm |
| 教育部、保监会推荐教材经济管理类课程教材保险系列 |
| ISBN 7-300-05455-2:CNY22.00 |
| 本书在借鉴、吸收国内外相关理论、成果基础上结合中国中国人身保险市场最新动向,从理论、实务、经营管理三个层面进行系统讲解。 |
| ● |
| 相关链接 |
|
|
|
|
正题名:人身保险
索取号:F840.62/40
 
预约/预借
| 序号 | 登录号 | 条形码 | 馆藏地/架位号 | 状态 | 备注 |
| 1 | 0825851 | 208258516 | 第一样本阅览室/ [索取号:F840.62/40] | 在馆 | |
| 2 | 0825852 | 208258525 | 第一借阅区/ [索取号:F840.62/40] | 在馆 | |
| 3 | 0825853 | 208258534 | 第一借阅区/ [索取号:F840.62/40] | 在馆 | |
| 4 | 0825854 | 208258543 | 密集书库/ [索取号:F840.62/40] | 在馆 | |
| 5 | 0825855 | 208258552 | 第一借阅区/ [索取号:F840.62/40] | 在馆 | |
| 6 | 0825856 | 208258561 | 密集书库/ [索取号:F840.62/40] | 在馆 | |
| 7 | 0825857 | 208258570 | 密集书库/ [索取号:F840.62/40] | 在馆 | |
| 8 | 0825858 | 208258589 | 第一借阅区/ [索取号:F840.62/40] | 在馆 |